The princess and the potty / (Record no. 4388)

MARC details
000 -LEADER
fixed length control field 01064cam a22002893a 4500
005 - DATE AND TIME OF LATEST TRANSACTION
control field 20250602120839.0
020 ## - INTERNATIONAL STANDARD BOOK NUMBER
International Standard Book Number 9780689878381
040 ## - CATALOGING SOURCE
Original cataloging agency IKG
Transcribing agency IKG
Modifying agency BAKER
-- XY4
-- DLC
Language of cataloging eng
050 00 - LIBRARY OF CONGRESS CALL NUMBER
Classification number PZ7.L5884
082 ## - DEWEY DECIMAL CLASSIFICATION NUMBER
Edition number 649.62
100 1# - MAIN ENTRY--PERSONAL NAME
Personal name Lewison, Wendy Cheyette
245 14 - TITLE STATEMENT
Title The princess and the potty /
Statement of responsibility, etc. by Wendy Cheyette Lewison ; illustrated by Rick Brown
250 ## - EDITION STATEMENT
Edition statement 2nd Aladdin Paperbacks edition, January 2005
260 ## - PUBLICATION, DISTRIBUTION, ETC.
Place of publication, distribution, etc. New York :
Name of publisher, distributor, etc. Aladdin Paperbacks,
Date of publication, distribution, etc. 2005
300 ## - PHYSICAL DESCRIPTION
Extent 32 unnumbered pages :
Other physical details color illustrations ;
Dimensions 22 cm.
490 ## - SERIES STATEMENT
Series statement (Stories to Go!)
505 ## - FORMATTED CONTENTS NOTE
Formatted contents note K <br/>
520 ## - SUMMARY, ETC.
Summary, etc. When everything fails to persuade the princess to use her potty, the king and queen consult the royal advisor who gives them valuable advice.
521 ## - TARGET AUDIENCE NOTE
Target audience note 520 <br/>
Source Lexile <br/>
521 ## - TARGET AUDIENCE NOTE
Target audience note K <br/>
Source Raz-Plus <br/>
650 #1 - SUBJECT ADDED ENTRY--TOPICAL TERM
Topical term or geographic name entry element Toilet training
Form subdivision Fiction.
650 #1 - SUBJECT ADDED ENTRY--TOPICAL TERM
Topical term or geographic name entry element Princesses
Form subdivision Fiction.
700 1# - ADDED ENTRY--PERSONAL NAME
Personal name Brown, Richard E
Fuller form of name (Richard Eric)
Dates associated with a name 1946,
Relator term illustrator
906 ## - LOCAL DATA ELEMENT F, LDF (RLIN)
a 7
b cbc
c copycat
d 2
e ncip
f 20
g y-gencatlg
942 ## - ADDED ENTRY ELEMENTS (KOHA)
Source of classification or shelving scheme Dewey Decimal Classification
Koha item type Books
Suppress in OPAC No
999 ## -
-- 4388
-- 4388
Holdings
Withdrawn status Lost status Source of classification or shelving scheme Damaged status Not for loan Collection Home library Current library Shelving location Date acquired Total Checkouts Full call number Barcode Date last seen Copy number Price effective from Koha item type
    Dewey Decimal Classification     Juvenile Fiction Footprints International School Library Network Toul Kork Campus Footprints International School Library Network Toul Kork Campus TK Primary Library Room(4th Floor), Bookcase 3&4, Shelves 17-32, Yellow Books 06/02/2025   LEW 649.62 PZ7.L5884 FISTK01767 06/02/2025 2 06/02/2025 Books
    Dewey Decimal Classification     Juvenile Fiction Footprints International School Library Network Toul Tom Poung Campus Footprints International School Library Network Toul Tom Poung Campus TTP Primary Yellow Bookshelves 08/19/2024   LEW 649.62 PZ7.L5884 FIS02670 08/19/2024 1 08/19/2024 Books